一竿烟雨 (Record no. 5383)

000 -LEADER
fixed length control field 00466nam a22001817a 4500
003 - CONTROL NUMBER IDENTIFIER
control field MPLRDC
005 - DATE AND TIME OF LATEST TRANSACTION
control field 20220104114153.0
008 - FIXED-LENGTH DATA ELEMENTS--GENERAL INFORMATION
fixed length control field 210129b ||||| |||| 00| 0 eng d
082 ## - DEWEY DECIMAL CLASSIFICATION NUMBER
Classification number 831.4 ZGGD v.12
100 ## - MAIN ENTRY--PERSONAL NAME
Personal name 廖玉蕙选注
245 ## - TITLE STATEMENT
Title 一竿烟雨
Statement of responsibility, etc.
250 ## - EDITION STATEMENT
Edition statement 三版
260 ## - PUBLICATION, DISTRIBUTION, ETC.
Place of publication, distribution, etc.
Name of publisher, distributor, etc. 时报文化出版事业有限
Date of publication, distribution, etc. 1985
300 ## - PHYSICAL DESCRIPTION
Other physical details
490 ## - SERIES STATEMENT
Series statement 中国古典文学赏析精选. 12
650 ## - SUBJECT ADDED ENTRY--TOPICAL TERM
Topical term or geographic name entry element 中国诗总集
942 ## - ADDED ENTRY ELEMENTS (KOHA)
Koha item type Book
-- 831.4 ZGGD v.12
Holdings
Withdrawn status Lost status Source of classification or shelving scheme Damaged status Not for loan Collection code Home library Current library Shelving location Date acquired Cost, normal purchase price Total Checkouts Full call number Barcode Date last seen Date last checked out Price effective from Koha item type Public note
            Malaysian Public Library, Research and Development Centre Malaysian Public Library, Research and Development Centre   10/12/2007 13.00   831.4 ZGGD v.12 00005372 17/03/2021 27/11/2016 17/03/2021 Book mplrdc

© 2022. Malaysian Public Library, Research and Development Centre. All Right ReservedE-mailmplrdc@help.edu.my 

Powered by Koha